| 000 | 00344nab a22001097u 4500 | ||
|---|---|---|---|
| 008 | 130520b1990 xxu||||| |||| 00| 0 spa d | ||
| 041 | _aspa | ||
| 100 | 1 |
_aHajjar, J. _967495 |
|
| 245 | 0 | 0 |
_aLos sínodos patriarcales en el nuevo código canónico oriental _cJ. Hajjar |
| 773 | 0 |
_tConcilium _gV.2,1990,págs.113-122 _x0210-1041 _wRev134 |
|
| 942 | _cAR | ||
| 999 |
_c355569 _d355569 |
||